Statistiken für Bekannte Personen zu Ländern - Europe Edition

Klicken Sie hier um das Quiz zu spielen!

Allgemein

  • Dieses Quiz wurde 240 mal gespielt
  • Das Durchschnittsergebnis liegt bei 21 aus 46

Antwortstatistiken

PersonLand% Korrekt
FalcoÖsterreich
89%
Leonardo da VinciItalien
82%
Cristiano RonaldoPortugal
82%
Elisabeth II.Vereinigtes Königreich
82%
Michail GorbatschowRussland
80%
Wladimir KlitschkowUkraine
80%
Napoleon BonaparteFrankreich
79%
Kimi RäikkönenFinnland
73%
Fernando AlonsoSpanien
72%
Papst FranziskusVatikanstadt
71%
Alexander LukaschenkoWeißrussland
69%
Marie CuriePolen
68%
Anne FrankNiederlande
67%
Alfred NobelSchweden
67%
Novak DjokovicSerbien
62%
Magnus CarlsenNorwegen
61%
Dagur SigurdssonIsland
60%
Erwin RommelDeutschland
54%
Asta NielsenDänemark
53%
Melania TrumpSlowenien
53%
Albert II.Monaco
50%
Pierce BrosnanIrland
48%
Nikos KazantzakisGriechenland
47%
Hasan SalihamidzicBosnien und Herzegowina
46%
Nikola TeslaKroatien
45%
Bruno GanzSchweiz
39%
Mutter TheresaNordmazedonien
35%
Martina NavratilovaTschechien
34%
Christo StoichkowBulgarien
32%
Massimo BoniniSan Marino
30%
Arvo PärtEstland
28%
Arvydas SabonisLitauen
27%
HenriLuxemburg
26%
Adolphe SaxBelgien
25%
Balsa BrkovicMontenegro
25%
Mario FrickLiechtenstein
24%
Jan KollarSlowakei
23%
Arato Andras IstvanUngarn
22%
Albert SalvadoAndorra
21%
Hashim ThaciKosovo
21%
Iolanda BalasRumänien
19%
Bleona QeretiAlbanien
18%
Slivia BusuiocMoldawien
16%
Elina GarancaLettland
14%
Gorg Borg OliverMalta
13%
Anna VissiZypern
7%

Verteilung der Resultate

Perzentil nach korrekt beantworteten Fragen

Anzahl Personen mit jedem Resultat

Ihre Resultats-Entwicklung

Sie haben dieses Quiz noch nicht gespielt